RADIOSONDY A JEJICH VÝVOJ V MINULÉ VÁLCE

Bibliographic Details
Main Author: Žamberský, Antonín (Author)
Format: Article
Language:Czech

MARC

LEADER 00000nab a2200000ua 4500
001 vtls010843500
003 SK-MaSNL
005 20260303103947.0
008 230121s1947 xo |||||||||||||||||cze|
035 |a (urnnbn)urn:nbn:sk:snk:ar-a070j3 
035 |a urn:nbn:sk:snk-ab65ko 
035 |a (uuid)1c956e1e-7ee4-4c88-bd97-d87d2f138836 
040 |a SNKBUCL  |b slo  |c SNKBUCL  |e AACR2 
041 0 |a cze 
044 |a xo  |c SK 
100 1 |a Žamberský, Antonín  |4 aut  |9 1117847 
245 1 0 |a RADIOSONDY A JEJICH VÝVOJ V MINULÉ VÁLCE  |c Antonín Žamberský 
773 0 |t Meteorologické zprávy  |g Roč. 1, č. 5 (1947), s. 121-122 
954 |a odborná, vedecká literatúra cudzojazyčná (svetová)  |2 lita 
958 |a OND 
958 |a EUIPO 
958 |a article5 
999 |c 1853321  |d 1855251